000 00450nam a2200157 i 4500
001 61965
003 ES-MaACL
005 20230906164559.0
007 t|
008 031117s1908 it ||||1| ita d
100 1 _aFalchi, Antonio.
_948692
245 1 3 _aLe moderne dottrine teocratiche
_b: (1600-1850) /
_cAntonio Falchi.
260 _aPerugia :
_b[s.n.],
_c1908 (
_fTipografĂ­a Perugina)
300 _a510 p. ;
_c24 cm.
852 _aES-MaACL
_jF-6843
999 _c61965
_d61965